| 000 | 01244nam a2200241Ia 4500 | ||
|---|---|---|---|
| 999 |
_c52172 _d52172 |
||
| 001 | 19180 | ||
| 003 | GE_BSU | ||
| 005 | 20210311160614.0 | ||
| 008 | 181216s2015||||ge |||||||||||||| ||rus|| | ||
| 040 | _cGE_BSU | ||
| 041 | _arus | ||
| 080 | _a82 Х-17 | ||
| 100 |
_aХалваши, Вепхвия _910428 |
||
| 245 |
_aДинамика прецедентных феноменов в языковом сознании представителей русской и грузинской культур / _cВепхвия Халваши; Научн. руков. М. Арошидзе ; Батумский гос. ун-т им. Шота Руставели. |
||
| 264 |
_aБатуми : _bБатумский гос. ун-т им. Ш. Руставели, _c2015. |
||
| 300 |
_a150 стр. _b30 см. |
||
| 653 | _aДинамика прецедентных феноменов в языковом сознании представителей русской и грузинской культур | ||
| 653 | _aЛитературоведение | ||
| 653 | _aდისერტაცია | ||
| 653 | _aლიტმცოდნეობა | ||
| 700 |
_aАрошидзе, М. _eНаучн. руководитель _910429 |
||
| 942 |
_cBK _2udc |
||